• 首页
  • 本馆介绍
  • 公告通知
  • 最新文献
  • 馆藏检索
  • 电子资源
  • 读者导购
  • 参考咨询
  • 我的图书馆
  • 登录
  • 详细信息显示
  • 放入我的书架
  • 预约/预借图书
  • 作者相关作品
  • 分类相关作品
  • 丛书相关作品
  • 出版社相关作品

书目信息

  • 表格格式
  • 工作单格式
  • 卡片格式
题名:
流行病学
    
 
作者: 耿贯一 主编
分册: 上册  
出版信息: 北京   人民卫生出版社  1980.2
页数: 451页
开本: 26cm
丛书名:
单 册:
中图分类: R18
科图分类:
主题词: 流行病学 , 防疫
电子资源:
ISBN:
000 00542nam0 2200205 45
001 0181013032
005 20060420095624.26
010    @dCNY2.60
091    @a14048.3725
100    @a20810111d km y0chiy0120 ea
101 0  @achi
200 1  @a流行病学@Aliu xing bing xue@h上册@f耿贯一主编@Fgeng guan yi zhu bian
210    @a北京@c人民卫生出版社@d1980.2
215    @a451页@d26cm
606 0  @a流行病学
606 0  @a防疫
690    @aR18
701 0  @a耿贯一@Ageng guan yi@4主编
801    @aCN@bTSTC@c20060420
905    @dR18@f1@b173437@e34:1
    
    流行病学.上册/耿贯一主编.-北京:人民卫生出版社,1980.2
    451页;26cm
    
    
    ISBN :CNY2.60
    
●
相关链接 在E读中查询图书 在五车中查询图书 在当当中查询图书 在豆瓣中查询图书


正题名:流行病学     索取号:R18/34:1         预约/预借

序号 登录号 条形码 馆藏地/架位号 状态 备注
1 0173437   000710056   第二样本阅览室/ [索取号:R18/34:1] 在馆    
2 0173438   202269428   密集书库/ [索取号:R18/34:1] 在馆    
唐山师范学院图书馆 欢迎您!
大连网信软件有限公司© 版权所有